<?xml version="1.0" encoding="UTF-8"?><?xml-stylesheet type="text/xsl" href="static/style.xsl"?><OAI-PMH xmlns="http://www.openarchives.org/OAI/2.0/" xmlns:xsi="http://www.w3.org/2001/XMLSchema-instance" xsi:schemaLocation="http://www.openarchives.org/OAI/2.0/ http://www.openarchives.org/OAI/2.0/OAI-PMH.xsd"><responseDate>2026-04-13T13:40:00Z</responseDate><request verb="GetRecord" identifier="oai:www.recercat.cat:11351/13067" metadataPrefix="marc">https://recercat.cat/oai/request</request><GetRecord><record><header><identifier>oai:recercat.cat:11351/13067</identifier><datestamp>2025-10-24T10:43:22Z</datestamp><setSpec>com_2072_378070</setSpec><setSpec>com_2072_378040</setSpec><setSpec>col_2072_378092</setSpec></header><metadata><record xmlns="http://www.loc.gov/MARC21/slim" xmlns:dcterms="http://purl.org/dc/terms/" xmlns:xsi="http://www.w3.org/2001/XMLSchema-instance" xmlns:doc="http://www.lyncode.com/xoai" xsi:schemaLocation="http://www.loc.gov/MARC21/slim http://www.loc.gov/standards/marcxml/schema/MARC21slim.xsd">
   <leader>00925njm 22002777a 4500</leader>
   <datafield ind2=" " ind1=" " tag="042">
      <subfield code="a">dc</subfield>
   </datafield>
   <datafield ind2=" " ind1=" " tag="720">
      <subfield code="a">Morris, Benjamin B.</subfield>
      <subfield code="e">author</subfield>
   </datafield>
   <datafield ind2=" " ind1=" " tag="720">
      <subfield code="a">Heeke, Simon</subfield>
      <subfield code="e">author</subfield>
   </datafield>
   <datafield ind2=" " ind1=" " tag="720">
      <subfield code="a">Xi, Yuanxin</subfield>
      <subfield code="e">author</subfield>
   </datafield>
   <datafield ind2=" " ind1=" " tag="720">
      <subfield code="a">Diao, Lixia</subfield>
      <subfield code="e">author</subfield>
   </datafield>
   <datafield ind2=" " ind1=" " tag="720">
      <subfield code="a">Wang, Qi</subfield>
      <subfield code="e">author</subfield>
   </datafield>
   <datafield ind2=" " ind1=" " tag="720">
      <subfield code="a">Rocha, Pedro</subfield>
      <subfield code="e">author</subfield>
   </datafield>
   <datafield ind2=" " ind1=" " tag="260">
      <subfield code="c">2025-05-12T05:55:55Z</subfield>
   </datafield>
   <datafield ind2=" " ind1=" " tag="260">
      <subfield code="c">2025-05-12T05:55:55Z</subfield>
   </datafield>
   <datafield ind2=" " ind1=" " tag="260">
      <subfield code="c">2025-03-20</subfield>
   </datafield>
   <datafield ind2=" " ind1=" " tag="520">
      <subfield code="a">DNA damage; Frontline chemotherapy; Small cell lung cancer</subfield>
   </datafield>
   <datafield ind2=" " ind1=" " tag="520">
      <subfield code="a">Daño del ADN; Quimioterapia de primera línea; Cáncer de pulmón de células pequeñas</subfield>
   </datafield>
   <datafield ind2=" " ind1=" " tag="520">
      <subfield code="a">Dany de l'ADN; Quimioteràpia de primera línia; Càncer de pulmó de cèl·lules petites</subfield>
   </datafield>
   <datafield ind2=" " ind1=" " tag="520">
      <subfield code="a">Introduction&#xd;
A hallmark of small cell lung cancer (SCLC) is its recalcitrance to therapy. While most SCLCs respond to frontline therapy, resistance inevitably develops. Identifying phenotypes potentiating chemoresistance and immune evasion is a crucial unmet need. Previous reports have linked upregulation of the DNA damage response (DDR) machinery to chemoresistance and immune evasion across cancers. However, it is unknown if SCLCs exhibit distinct DDR phenotypes.&#xd;
Methods&#xd;
To study SCLC DDR phenotypes, we developed a new DDR gene analysis method and applied it to SCLC clinical samples, in vitro, and in vivo model systems. We then investigated how DDR regulation is associated with SCLC biology, chemotherapy response, and tumor evolution following therapy.&#xd;
Results&#xd;
Using multi-omic profiling, we demonstrate that SCLC tumors cluster into three DDR phenotypes with unique molecular features. Hallmarks of these DDR clusters include differential expression of DNA repair genes, increased replication stress, and heightened G2/M cell cycle arrest. SCLCs with elevated DDR phenotypes exhibit increased neuroendocrine features and decreased “inflamed” biomarkers, both within and across SCLC subtypes. Clinical analyses demonstrated treatment naive DDR status was associated with different responses to frontline chemotherapy. Using longitudinal liquid biopsies, we found that DDR Intermediate and High tumors exhibited subtype switching and coincident emergence of heterogenous phenotypes following frontline treatment.&#xd;
Conclusions&#xd;
We establish that SCLC can be classified into one of three distinct, clinically relevant DDR clusters. Our data demonstrates that DDR status plays a key role in shaping SCLC phenotypes and may be associated with different chemotherapy responses and patterns of tumor evolution. Future work targeting DDR specific phenotypes will be instrumental in improving patient outcomes.</subfield>
   </datafield>
   <datafield ind2=" " ind1=" " tag="520">
      <subfield code="a">This work was supported by: NIH/NCI CCSG P30-CA016672 (MD Anderson Bioinformatics Shared Resource, and the MD Anderson Institutional Tissue bank (ITB)); The University of Texas-Southwestern and MD Anderson Cancer Center Lung SPORE P50-CA070907 (JW, JVH, CMG, LAB); NIH/NCI R01-CA207295 (LAB); NIH/NCI U01-CA213273 (JVH, LAB); NIH/NCI R50-CA243698 (CAS); NIH/NCI U01-CA256780 (JVH, LAB); NIH/NCI U24-CA213274 (LAB); The Department of Defense LC210510 (LAB); the LUNGevity Foundation 2020–02 (CMG); CPRIT RP210159 (CMG); Andrew Sabin Family Foundation (CMG); NETRF (CMG); NIH/NCI T32-CA009666 (KC); Rexanna’s Foundation for Fighting Lung Cancer (JVH, LAB, CMG); Jeffrey Lee Cousins Endowed Fellowship in Lung Cancer Research (BBM); and generous philanthropic contributions to The University of Texas MD Anderson Lung Cancer Moon Shot Program (JVH, CMG, LAB). BBM is a TRIUMPH Fellow in the CPRIT Research Training Program (RP210028). This research includes work performed in the Single Cell Genomics Core Facility, which is supported in part by CPRIT Single Core grant RP180684. LAB also acknowledges philanthropic support from A.R.K., L.W.Y., M.J.A., R.B.N., K.E.N., J.O., J.K.R., B. &amp; B.N, C.K., P.C.B., S.S., S.R., and W.A.B.</subfield>
   </datafield>
   <datafield ind1="8" ind2=" " tag="024">
      <subfield code="a">http://hdl.handle.net/11351/13067</subfield>
   </datafield>
   <datafield tag="653" ind2=" " ind1=" ">
      <subfield code="a">Pulmons - Càncer - Tractament</subfield>
   </datafield>
   <datafield tag="653" ind2=" " ind1=" ">
      <subfield code="a">Pulmons - Càncer - Aspectes genètics</subfield>
   </datafield>
   <datafield tag="653" ind2=" " ind1=" ">
      <subfield code="a">Resistència als medicaments</subfield>
   </datafield>
   <datafield tag="653" ind2=" " ind1=" ">
      <subfield code="a">ADN - Dany</subfield>
   </datafield>
   <datafield tag="653" ind2=" " ind1=" ">
      <subfield code="a">PHENOMENA AND PROCESSES::Genetic Phenomena::DNA Damage</subfield>
   </datafield>
   <datafield tag="653" ind2=" " ind1=" ">
      <subfield code="a">PHENOMENA AND PROCESSES::Physiological Phenomena::Pharmacological and Toxicological Phenomena::Pharmacological Phenomena::Drug Resistance::Drug Resistance, Neoplasm</subfield>
   </datafield>
   <datafield tag="653" ind2=" " ind1=" ">
      <subfield code="a">DISEASES::Neoplasms::Neoplasms by Site::Thoracic Neoplasms::Respiratory Tract Neoplasms::Lung Neoplasms::Bronchial Neoplasms::Carcinoma, Bronchogenic::Small Cell Lung Carcinoma</subfield>
   </datafield>
   <datafield tag="653" ind2=" " ind1=" ">
      <subfield code="a">FENÓMENOS Y PROCESOS::fenómenos genéticos::daño del ADN</subfield>
   </datafield>
   <datafield tag="653" ind2=" " ind1=" ">
      <subfield code="a">FENÓMENOS Y PROCESOS::fenómenos fisiológicos::fenómenos farmacológicos y toxicológicos::fenómenos farmacológicos::resistencia a medicamentos::resistencia a los antineoplásicos</subfield>
   </datafield>
   <datafield tag="653" ind2=" " ind1=" ">
      <subfield code="a">ENFERMEDADES::neoplasias::neoplasias por localización::neoplasias torácicas::neoplasias del tracto respiratorio::neoplasias pulmonares::neoplasias de los bronquios::carcinoma broncogénico::carcinoma pulmonar de células pequeñas</subfield>
   </datafield>
   <datafield ind2="0" ind1="0" tag="245">
      <subfield code="a">DNA damage response signatures are associated with frontline chemotherapy response and routes of tumor evolution in extensive stage small cell lung cancer</subfield>
   </datafield>
</record></metadata></record></GetRecord></OAI-PMH>